| 000 | 01171cam a22003132 4500 | ||
|---|---|---|---|
| 001 | 15606 | ||
| 003 | BD-RjUL | ||
| 005 | 20211208235844.0 | ||
| 008 | 140210s1963 njuad b 001 0 eng d | ||
| 035 | _aBD-RjUL)15661 | ||
| 040 |
_aJDF _cJDF _dOCL _dBD-RjUL _beng |
||
| 041 | _aeng | ||
| 082 |
_a657.3 _bGOS 1963 _223 |
||
| 090 |
_aHF5681.B2 _bG6 |
||
| 100 | 1 |
_aGoldsmith, Raymond W. _q(Raymond William), _d1904- _948447 |
|
| 245 | 1 | 0 |
_aStudies in the national balance sheet of the United States / _cby Raymond W. Goldsmith and Robert E. Lipsey. [Morris Mendelson] |
| 260 |
_a[Princeton, N.J.] : _bPrinceton University Press, _c1963. |
||
| 300 |
_aV. : _billus. ; ; _c24 cm. |
||
| 490 | 0 |
_aStudies in capital formation and financing ; _v1 |
|
| 500 | _aStudy by the National Bureau of Economic Research. | ||
| 504 | _aIncludes bibliographical references and index. | ||
| 505 | _aVol. 1 -- V-2. Basic data on balance sheets and fund flows.-- | ||
| 650 | 0 |
_aFinancial statements. _948448 |
|
| 650 | 0 |
_aFlow of funds. _912860 |
|
| 700 | 1 |
_aLipsey, Robert E. _9229707 |
|
| 710 | 2 |
_aNational Bureau of Economic Research. _99670 |
|
| 942 |
_2ddc _cBK |
||
| 999 |
_c15606 _d15606 |
||